Fundamentals of project management (Record no. 4860)

MARC details
000 -CABECERA
campo de control de longitud fija 02524aam a22003731i 4500
001 - NÚMERO DE CONTROL
campo de control 991017258969707026
003 - IDENTIFICADOR DEL NÚMERO DE CONTROL
campo de control UkOxU
005 - FECHA Y HORA DE LA ÚLTIMA TRANSACCIÓN
campo de control 20260511140247.0
006 - CÓDIGOS DE INFORMACIÓN DE LONGITUD FIJA--CARACTERÍSTICAS DEL MATERIAL ADICIONAL
campo de control de longitud fija m || d |
007 - CAMPO FIJO DE DESCRIPCIÓN FÍSICA--INFORMACIÓN GENERAL
campo de control de longitud fija cr |||||||||||
008 - DATOS DE LONGITUD FIJA--INFORMACIÓN GENERAL
campo de control de longitud fija 220909s2022 nyua o 001 0 eng d
015 ## - NÚMERO DE BIBLIOGRAFÍA NACIONAL
Número de bibliografía nacional GBC2L6768
Fuente bnb
020 ## - NÚMERO INTERNACIONAL ESTÁNDAR DEL LIBRO
Número Internacional Estándar del Libro 9781400235261
035 ## - NÚMERO DE CONTROL DEL SISTEMA
Número de control de sistema 023227381-44oxf_inst
035 ## - NÚMERO DE CONTROL DEL SISTEMA
Número de control de sistema (UkOxU)023227381
035 ## - NÚMERO DE CONTROL DEL SISTEMA
Número de control de sistema (Uk)020820582
037 ## - FUENTE DE ADQUISICIÓN
Número de adquisición 9781400235322
040 ## - FUENTE DE LA CATALOGACIÓN
Centro catalogador/agencia de origen N$T
Lengua de catalogación eng
Normas de descripción rda
-- pn
Centro/agencia transcriptor N$T
Centro/agencia modificador N$T
-- OCLCF
-- TEFOD
-- Uk
041 ## - CÓDIGO DE LENGUA
Código de lengua del texto/banda sonora o título independiente eng
042 ## - CÓDIGO DE AUTENTICACIÓN
Código de autenticación ukblsr
050 #4 - SIGNATURA TOPOGRÁFICA DE LA BIBLIOTECA DEL CONGRESO
Número de clasificación HD69.P75
100 ## - ENTRADA PRINCIPAL--NOMBRE DE PERSONA
Nombre de persona Heagney, Joseph
Término indicativo de función/relación author
9 (RLIN) 13141
245 10 - MENCIÓN DE TÍTULO
Título Fundamentals of project management
Mención de responsabilidad, etc. / Joseph Heagney.
250 ## - MENCIÓN DE EDICIÓN
Mención de edición Sixth edition.
260 ## - PUBLICACIÓN, DISTRIBUCIÓN, ETC.
Lugar de publicación, distribución, etc. New York, NY :
Nombre del editor, distribuidor, etc. HarperCollins Leadership,
Fecha de publicación, distribución, etc. 2022.
300 ## - DESCRIPCIÓN FÍSICA
Extensión 288 pages ;
Otras características físicas illustrations (black and white).
505 0# - NOTA DE CONTENIDO CON FORMATO
Nota de contenido con formato An overview of project management -- The role of the project manager -- Planning the project -- Incorporating stakeholder management in the project planning process -- Developing a mission, vision, goals, and objectives for the project -- Creating the project risk and communication plans -- Using the work breakdown structure to plan a project -- Scheduling project work -- Producing a workable schedule -- Project control and evaluation -- The change control process -- Project control using earned value analysis -- Managing the project team -- The project manager as leader -- Closing the project -- Project Recovery -- How to make project management work in your company.
520 ## - SUMARIO, ETC.
Sumario, etc. Enables project managers to understand priorities, maximize resources, and minimize risks in order to complete projects on time and on budget.<br/><br/>For close to three decades, Fundamentals of Project Management has helped managers tackle the complexities of the job. Succinct and easy to read, this handbook simplifies concepts, answers questions, and helps tame the chaos that can erupt as projects move from planning to completion.<br/><br/>The Sixth Edition of this trusted bestseller offers the practical guidelines and tools project managers have come to expect, along with new information explaining changes to the PMBOK® Guide, 7th Edition.
540 ## - NOTA DE CONDICIONES DE USO Y REPRODUCCIÓN
Condiciones de uso y reproducción Restricted: Printing from this resource is governed by The Legal Deposit Libraries (Non-Print Works) Regulations (UK) and UK copyright law currently in force.
Institución que aplica el campo UkOxU
588 0# - NOTA DE FUENTE DE LA DESCRIPCIÓN
Nota de fuente de la descripción Print version record.
630 #0 - PUNTO DE ACCESO ADICIONAL DE MATERIA--TÍTULO UNIFORME
Título uniforme B2 PBT Project Management (BiM)
9 (RLIN) 26894
650 #0 - PUNTO DE ACCESO ADICIONAL DE MATERIA--TÉRMINO DE MATERIA
Término de materia o nombre geográfico como elemento de entrada Project management
9 (RLIN) 1664
942 ## - ELEMENTOS DE ENTRADA AGREGADA (KOHA)
Fuente del sistema de clasificación o colocación Clasificación de Library of Congress
Holdings
Estado de retiro Estado de pérdida Fuente del sistema de clasificación o colocación Estado dañado No para préstamo Código de colección Biblioteca de origen Biblioteca actual Fecha de adquisición Total de préstamos Signatura topográfica completa Código de barras Fecha visto por última vez Número de copia Precio válido a partir de Tipo de ítem Koha
    Clasificación de Library of Congress     Core Textbooks TBS Barcelona TBS Barcelona 26/08/2025   HD69.P75 HEA B07704 12/12/2025 1 26/08/2025 Book
    Clasificación de Library of Congress     Core Textbooks TBS Barcelona TBS Barcelona 17/10/2025   HD69.P75 HEA B07705 17/10/2025 2 17/10/2025 Book

Powered by Koha